<?xml version="1.0" encoding="UTF-8"?>
<record
    xmlns:xsi="http://www.w3.org/2001/XMLSchema-instance"
    xsi:schemaLocation="http://www.loc.gov/MARC21/slim http://www.loc.gov/standards/marcxml/schema/MARC21slim.xsd"
    xmlns="http://www.loc.gov/MARC21/slim">

  <leader>00275nam a22001217a 4500</leader>
  <datafield tag="040" ind1=" " ind2=" ">
    <subfield code="c">HS</subfield>
  </datafield>
  <datafield tag="082" ind1=" " ind2=" ">
    <subfield code="a">337</subfield>
  </datafield>
  <datafield tag="100" ind1=" " ind2=" ">
    <subfield code="a">&#x1786;&#x17B6;&#x1799; &#x1782;&#x1784;&#x17D2;&#x1782;&#x17B6;</subfield>
  </datafield>
  <datafield tag="245" ind1=" " ind2=" ">
    <subfield code="a">The international economy</subfield>
  </datafield>
  <datafield tag="260" ind1=" " ind2=" ">
    <subfield code="a">New York</subfield>
    <subfield code="b">&#x1786;&#x17B6;&#x1799; &#x1782;&#x1784;&#x17D2;&#x1782;&#x17B6;</subfield>
    <subfield code="c">1984</subfield>
  </datafield>
  <datafield tag="300" ind1=" " ind2=" ">
    <subfield code="a">557p;</subfield>
  </datafield>
  <datafield tag="942" ind1=" " ind2=" ">
    <subfield code="c">EK</subfield>
  </datafield>
  <datafield tag="999" ind1=" " ind2=" ">
    <subfield code="c">9091</subfield>
    <subfield code="d">9091</subfield>
  </datafield>
  <datafield tag="952" ind1=" " ind2=" ">
    <subfield code="0">0</subfield>
    <subfield code="1">0</subfield>
    <subfield code="4">0</subfield>
    <subfield code="6">337_&#x1786;&#x17B6;&#x1799;_1984_000000000000000_C064</subfield>
    <subfield code="7">0</subfield>
    <subfield code="9">50668</subfield>
    <subfield code="a">LBC</subfield>
    <subfield code="b">LBC</subfield>
    <subfield code="c">C064</subfield>
    <subfield code="d">2016-08-24</subfield>
    <subfield code="o">337&#x200B; &#x1786;&#x17B6;&#x1799; 1984 C064</subfield>
    <subfield code="p">RUA41697</subfield>
    <subfield code="r">2016-08-24</subfield>
    <subfield code="y">EK</subfield>
  </datafield>
</record>
